000 00363nam a2200133Ia 4500
005 20260328101439.0
008 260328s9999||||xx |||||||||||||| ||und||
100 _aSteinemann, Ramias
245 0 _aGlobal housing projects :
_b 25 Buildings since 1980 /
_cRamias Steinemann
260 _bActar
300 _a253 p.
650 _aVIVIENDA MULTIFAMILIAR
942 _cBK
999 _c8215
_d8215